LEADER 01091nam0 2200265 450 001 000026728 005 20100812091054.0 100 $a20091002d1934----km-y0itay50------ba 200 1 $aCarducci$fPiero Bianconi 210 $aFirenze$cNemi, Novissima Enciclopedia Monografica Illustrata$d1934$g(Tip. Barbera, Alfani e Venturi) 215 $a64 p.$cin gran parte ill.$d24 cm 225 2 $aNovissima Enciclopedia Monografica Illustrata$v50 316 $aSul frontespizio e sulla copertina: Sergio de Pilato, Bologna sett. 939, XIII 410 0$12001$aNovissima Enciclopedia Monografica Illustrata$v50 700 1$aBianconi,$bPiero$036087 801 0$aIT$bUniversità della Basilicata - B.I.A.$gRICA$2unimarc 912 $a000026728 996 $aCarducci$990070 997 $aUNIBAS BAS $aLETTERE CAT $aTTM$b30$c20091002$lBAS01$h1452 CAT $aATR$b40$c20100812$lBAS01$h0843 CAT $aATR$b40$c20100812$lBAS01$h0910 FMT Z30 -1$lBAS01$LBAS01$mBOOK$1BASA1$APolo Storico-Umanistico$2FDEP2$BFondo De Pilato Biscione$3FD/108952$6108952$5L108952$820091002$f52$FRari LEADER 05315oam 2200565 450 001 9910143465903321 005 20210804102038.0 010 $a3-540-49059-0 024 7 $a10.1007/3-540-49059-0 035 $a(CKB)1000000000211074 035 $a(SSID)ssj0000327278 035 $a(PQKBManifestationID)11268699 035 $a(PQKBTitleCode)TC0000327278 035 $a(PQKBWorkID)10301608 035 $a(PQKB)10706782 035 $a(DE-He213)978-3-540-49059-3 035 $a(MiAaPQ)EBC3072025 035 $a(MiAaPQ)EBC6494918 035 $a(PPN)15523045X 035 $a(EXLCZ)991000000000211074 100 $a20210804d1999 uy 0 101 0 $aeng 135 $aurnn|008mamaa 181 $ctxt 182 $cc 183 $acr 200 00$aTools and algorithms for the construction and analysis of systems $e5th international conference, TACAS '99, held as part of the Joint European Conferences on Theory and Practice of Software, ETAPS '99, Amsterdam, The Netherlands, March 22-28, 1999 : proceedings /$fW. Rance Cleaveland, editor 205 $a1st ed. 1999. 210 1$aBerlin ;$aHeidelberg :$cSpringer,$d[1999] 210 4$d©1999 215 $a1 online resource (XII, 456 p.) 225 1 $aLecture Notes in Computer Science,$x0302-9743 ;$v1579 300 $aBibliographic Level Mode of Issuance: Monograph 311 $a3-540-65703-7 320 $aIncludes bibliographical references and index. 327 $aInvited Contribution -- Modeling for Mere Mortals -- Real-Time -- Scheduling System Verification -- A Period Assignment Algorithm for Real-Time System Design -- Analyzing Stochastic Fixed-Priority Real-Time Systems -- Timed Diagnostics for Reachability Properties -- Case Studies -- Fighting Livelock in the i-Protocol: A Comparative Study of Verification Tools -- Proving the Soundness of a Java Bytecode Verifier Specification in Isabelle/HOL -- Automated Fast-Track Reconfiguration of Group Communication Systems -- Specifications and Proofs for Ensemble Layers -- Compositionality and Abstraction -- An Automated Analysis of Ping-Pong Interactions in E-Mail Services -- Automatic Verification of Cryptographic Protocols through Compositional Analysis Techniques -- Verification of Hierarchical State/Event Systems Using Reusability and Compositionality -- On Proving Safety Properties by Integrating Static Analysis, Theorem Proving and Abstraction -- Symbolic Analysis -- Symbolic Model Checking without BDDs -- Symbolic Verification of Lossy Channel Systems: Application to the Bounded Retransmission Protocol -- Model Checking in CLP -- Using Logic Programs with Stable Model Semantics to Solve Deadlock and Reachability Problems for 1-Safe Petri Nets -- Process Algebra -- Finite State Verification for the Asynchronous ?-Calculus -- Process Algebra in PVS -- On the Benefits of Using the Up-To Techniques for Bisimulation Verification -- Computing Strong/Weak Bisimulation Equivalences and Observation Congruence for Value-Passing Processes -- Frameworks for System Construction and Analysis -- Hardware Testing Using a Communication Protocol Conformance Testing Tool -- A Light-Weight Framework for Hardware Verification -- An Easily Extensible Toolset for Tabular Mathematical Expressions -- From DFA-Frameworks to DFA-Generators: A Unifying Multiparadigm Approach -- Tool Descriptions -- A Theorem Prover-Based Analysis Tool for Object-Oriented Databases -- DYANA: An Environment for Embedded System Design and Analysis -- Path Exploration Tool -- Modular State Level Analysis of Distributed Systems Techniques and Tool Support -- Position Paper -- Some Issues in the Software Engineering of Verification Tools -- ETAPS Tool Demonstation -- The ETI Online Service in Action. 330 $aETAPS?99 is the second instance of the European Joint Conferences on Theory and Practice of Software. ETAPS is an annual federated conference that was established in 1998 by combining a number of existing and new conferences. This year it comprises ve conferences (FOSSACS, FASE, ESOP, CC, TACAS), four satellite workshops (CMCS, AS, WAGA, CoFI), seven invited lectures, two invited tutorials, and six contributed tutorials. The events that comprise ETAPS address various aspects of the system - velopment process, including speci cation, design, implementation, analysis and improvement. The languages, methodologies and tools which support these - tivities are all well within its scope. Dieren t blends of theory and practice are represented, with an inclination towards theory with a practical motivation on one hand and soundly-based practice on the other. Many of the issues involved in software design apply to systems in general, including hardware systems, and the emphasis on software is not intended to be exclusive. 410 0$aLecture Notes in Computer Science,$x0302-9743 ;$v1579 606 $aSystem design$vCongresses 615 0$aSystem design 676 $a004.21 702 $aCleaveland$b W. R$g(Walter Rance),$f1961- 712 12$aETAPS (Conference)$d(2nd :$f1999 :$eAmsterdam, Netherlands), 801 0$bMiAaPQ 801 1$bMiAaPQ 801 2$bUtOrBLW 906 $aBOOK 912 $a9910143465903321 996 $aTools and Algorithms for the Construction and Analysis of Systems$9772021 997 $aUNINA LEADER 01238nas 2200397- 450 001 996321386903316 005 20230125213019.0 011 $a2560-8304 035 $a(DE-599)ZDB2931373-9 035 $a(OCoLC)1076422892 035 $a(CKB)4100000001207450 035 $a(CONSER)--2020225001 035 $a(EXLCZ)994100000001207450 100 $a20181029c2017uuuu --- - 101 0 $aeng 135 $aur||||||||||| 181 $ctxt$2rdacontent 182 $cc$2rdamedia 183 $acr$2rdacarrier 200 00$aCanadian Journal of Biotechnology 210 1$aSaint-Hubert, QC :$cCanadian Journal of Biotechnology 210 31$aLongueuil, QC :$cScience Planet Inc. 215 $a1 online resource 300 $aRefereed/Peer-reviewed 300 $aInformation about earliest publisher from ISSN Portal record for 2560-8304 (viewed December 26, 2019). 517 1 $aCJB 606 $aBiotechnology$vPeriodicals 606 $aBiotechnology$2fast$3(OCoLC)fst00832729 608 $aPeriodicals.$2fast 610 $aBioengineering 615 0$aBiotechnology 615 7$aBiotechnology. 906 $aJOURNAL 912 $a996321386903316 996 $aCanadian Journal of Biotechnology$92123072 997 $aUNISA